000 00787nam a2200289Ia 4500
005 20260324115146.0
008 008 260324s9999 xx 000 0 eng d
020 _a9780367815301
037 _aEBOOK
040 _aCRL
040 _beng
040 _cCRL
041 _2eng
041 _aeng
084 _qCRL
100 _aBob Sproull
_91148883
245 4 _aThe Secret to Maximizing Profitability
245 2 _bA Business Novel on How to Successfully Combine The Theory of Constraints, Lean, and Six Sigma to Drive Profit Margins to New Levels
260 _bTaylor and Francis
260 _c2019
365 _a
365 _b230
856 _uhttp://www.taylorfrancis.com/books/9780367815301
942 _cEBOOK
999 _c1744259
_d1744259